[Event "IND-chT 37th"]
[Site "Bhopal"]
[Date "2017.02.06"]
[Round "7.2"]
[White "Dharanidharan, M."]
[Black "Shabdhik, Varma"]
[Result "0-1"]
[WhiteElo "1180"]
[BlackElo "1973"]
[PlyCount "98"]
[EventDate "2017.02.02"]
[EventType "team-swiss"]
[EventRounds "9"]
[EventCountry "IND"]
[SourceTitle "CBM 176 Extra"]
[Source "ChessBase"]
[SourceDate "2017.03.02"]
[SourceVersion "1"]
[SourceVersionDate "2017.03.02"]
[SourceQuality "1"]
[WhiteTeam "Sivakasi"]
[BlackTeam "Karnataka"]
[WhiteTeamCountry "IND"]
[BlackTeamCountry "IND"]

1. e4 e5 2. Nf3 Nc6 3. Nc3 Nf6 4. Bc4 Bc5 5. d3 h6 6. Be3 Bb6 7. Qd2 d6 8. h3 Be6 9. Bb3 Qd7 10. Qe2 Ba5 11. Bd2 0-0-0 12. Nd5 Bb6 13. Nxf6 gxf6 14. Be3 f5 15. Bxe6 Qxe6 16. Bxb6 axb6 17. exf5 Qxf5 18. Nd2 Nd4 19. Qd1 Ne6 20. Qf3 Qg6 21. 0-0-0 f5 22. h4 Nd4 23. Qh3 Ne2+ 24. Kb1 Nf4 25. Qf3 Qxg2 26. Qxg2 Nxg2 27. Nb3 Rhg8 28. d4 Rg4 29. dxe5 dxe5 30. Rxd8+ Kxd8 31. h5 Nf4 32. Nd2 Nh3 33. Nf3 Nxf2 34. Rf1 e4 35. Ne5 Rh4 36. b3 e3 37. Kb2 Rxh5 38. Nf3 Ke7 39. Re1 f4 40. Rf1 Kf6 41. Kc3 Rh3 42. Kb2 Rxf3 43. Kc1 Nd3+ 44. cxd3 Rxf1+ 45. Kb2 e2 46. Ka3 e1Q 47. d4 Qa5+ 48. Kb2 Rf2+ 49. Kc1 Qe1# 0-1